[Event "East Lansing (MEX/3/9)"]
[Site "?"]
[Date "1995.??.??"]
[Round "?"]
[White "Moody, David"]
[Black "Gabbara, Faris"]
[Result "0-1"]
[WhiteElo "2000"]
[BlackElo "2170"]
[PlyCount "122"]
[EventDate "1995.??.??"]

{3/(9)} 1. e4 e5 2. Nc3 Nf6 3. Bc4 Bb4 4. d3 O-O 5. f4 d5 6. exd5 Nxd5 7. Nge2
exf4 8. O-O Nxc3 9. bxc3 Bd6 10. Nxf4 Nd7 11. d4 Nf6 12. Nh5 Ng4 13. Bf4 Qh4
14. Qe1 Qxh5 15. Bxd6 Bf5 16. Rxf5 Qxf5 17. Bxf8 Kxf8 18. Qg3 Qd7 19. Rf1 Nf6
20. Qe5 Qd6 21. g4 Qc6 22. Bxf7 Kxf7 23. g5 Re8 24. Qg3 h6 25. gxf6 gxf6 26.
Qf3 Qxf3 27. Rxf3 Re2 28. Rh3 Rxc2 29. Rxh6 Rxc3 30. Kf2 Kg7 31. Rh5 Rc2+ 32.
Ke3 Rxa2 33. Rc5 c6 34. d5 cxd5 35. Rc7+ Kg6 36. Rxb7 Rxh2 37. Rxa7 Rh5 38. Rd7
Re5+ 39. Kf4 Rf5+ 40. Ke3 Kg5 41. Rg7+ Kh4 42. Rg8 Kh5 43. Kd4 Rg5 44. Rf8 Kg6
45. Rg8+ Kf5 46. Rf8 Rg1 47. Kxd5 Rd1+ 48. Kc4 Kg5 49. Kc3 f5 50. Kc2 Rd7 51.
Rg8+ Kf4 52. Rf8 Kg4 53. Rg8+ Kf3 54. Rf8 f4 55. Rf6 Kg3 56. Rg6+ Kf2 57. Rf6
f3 58. Rf8 Ke2 59. Re8+ Kf1 60. Rf8 f2 61. Rf6 Rg7 0-1

[Event "East Lansing (MI Op/2/5)"]
[Site "?"]
[Date "1995.??.??"]
[Round "?"]
[White "Moody, David"]
[Black "Finegold, Mark"]
[Result "1-0"]
[WhiteElo "2015"]
[BlackElo "2245"]
[PlyCount "53"]
[EventDate "1995.??.??"]

{2/(5)} 1. e4 e5 2. Nf3 Nf6 3. Bc4 Nxe4 4. Nc3 Nxc3 5. dxc3 f6 6. Nh4 g6 7. O-O
Qe7 8. b4 c6 9. f4 d5 10. fxe5 f5 11. Nf3 dxc4 12. Bg5 Qc7 13. Bf6 Bg7 14. Qd4
O-O 15. Qxc4+ Qf7 16. Qh4 h6 17. Rad1 Be6 18. Rd6 Nd7 19. Bxg7 Kxg7 20. Nd4
Rfe8 21. g4 f4 22. g5 h5 23. Rxf4 Qg8 24. Nxe6+ Rxe6 25. Rxd7+ Kh8 26. Rff7
Rae8 27. Qd4 1-0

[Event "East Lansing (MOR/3/49)"]
[Site "?"]
[Date "1995.??.??"]
[Round "?"]
[White "Montgomery, D."]
[Black "Woods, O."]
[Result "0-1"]
[WhiteElo "1605"]
[BlackElo "1605"]
[PlyCount "91"]
[EventDate "1995.??.??"]

{3/(49)} 1. e4 e5 2. Nf3 Nc6 3. Bc4 h6 4. c3 Nf6 5. d3 Bc5 6. O-O O-O 7. b4 Bd6
8. Be3 Ng4 9. Bd2 Be7 10. h3 Nf6 11. Re1 d5 12. exd5 Nxd5 13. Nxe5 Nxe5 14.
Rxe5 Nb6 15. Bb3 Bd6 16. Rh5 Qf6 17. Be3 g5 18. Nd2 Qg6 19. Ne4 Bf5 20. Nxg5
Bxd3 21. Nf3 Qxh5 22. Qxd3 Rad8 23. Bc2 Bh2+ 24. Nxh2 Rxd3 25. Bxd3 Nd5 26. Bd4
Qg5 27. Nf3 Qd8 28. Rc1 Nxc3 29. Rxc3 Qd5 30. Rxc7 Qxa2 31. Rxb7 Qa3 32. Be2
Qc1+ 33. Bf1 Qa3 34. b5 Rc8 35. Rxa7 Qb3 36. Ra6 Rc1 37. b6 Rxf1+ 38. Kh2 Rb1
39. g3 Qxf3 40. Ra1 Rxa1 41. Bxa1 Qxf2+ 42. Kh1 Qxb6 43. g4 Qb1+ 44. Kg2 Qxa1
45. Kg3 Qc3+ 46. Kh4 0-1

[Event "East Lansing (MOR/6/43)"]
[Site "?"]
[Date "1995.??.??"]
[Round "?"]
[White "Montgomery, D."]
[Black "Smalec, Joseph"]
[Result "1/2-1/2"]
[WhiteElo "1605"]
[BlackElo "1605"]
[PlyCount "81"]
[EventDate "1995.??.??"]

{6/(43)} 1. e4 c5 2. Nc3 e5 3. Nf3 Nc6 4. Bc4 Nf6 5. O-O h6 6. h3 d6 7. Ne2 Be7
8. c3 O-O 9. d3 a6 10. Nh4 Nxe4 11. Ng6 d5 12. Nxe7+ Qxe7 13. Bxd5 Nd6 14. Re1
Re8 15. Nf4 Qd8 16. Ng6 Bf5 17. Nh4 Qxh4 18. Qf3 Qa4 19. Be3 Bxd3 20. Bxc5 e4
21. Qf4 Qb5 22. Qxd6 Rad8 23. Bxf7+ Kxf7 24. Qf4+ Kg8 25. Ba3 Na5 26. b3 Qc6
27. Bb4 Qb5 28. Re3 Nc6 29. Rg3 Nxb4 30. Qxh6 Rd7 31. cxb4 Rde7 32. Rg4 Qxb4
33. Qf4 Qd4 34. Rc1 Rd8 35. Rc7 Rxc7 36. Qxc7 Rd7 37. Qc8+ Rd8 38. Qc7 Rf8 39.
Qg3 Be2 40. Rf4 Rxf4 41. Qxf4 1/2-1/2

[Event "East Lansing (MOR/1b/24)"]
[Site "?"]
[Date "1995.??.??"]
[Round "?"]
[White "Montgomery, D."]
[Black "Scioly, Tony"]
[Result "0-1"]
[WhiteElo "1605"]
[BlackElo "1605"]
[PlyCount "84"]
[EventDate "1995.??.??"]

1. e4 c5 2. Nf3 d6 3. d4 cxd4 4. Nxd4 Nf6 5. Bd3 g6 6. O-O Bg7 7. Nc3 O-O 8.
Nf3 Nc6 9. h3 Bd7 10. a3 Rc8 11. Be3 Na5 12. Bxa7 Nc4 13. Rb1 Nxa3 14. bxa3
Rxc3 15. Rxb7 Qa8 16. Bd4 Rxd3 17. Qxd3 Qxb7 18. Re1 Rc8 19. e5 dxe5 20. Bxe5
Bc6 21. c4 Bxf3 22. Rb1 Qe4 23. Qxe4 Bxe4 24. Rc1 Nd7 25. Bxg7 Kxg7 26. f3 Bb7
27. Kh2 Ba6 28. c5 Rxc5 29. Rd1 Nb6 30. f4 Rc2 31. Rb1 Nc4 32. a4 Ra2 33. Re1
e6 34. f5 exf5 35. Ra1 Rxa1 36. g3 Ra2+ 37. Kg1 Kf6 38. g4 Ne3 39. a5 Kg5 40.
h4+ Kxg4 41. h5 Kg3 42. hxg6 Ra1# 0-1

[Event "East Lansing (MOR/5/41)"]
[Site "?"]
[Date "1995.??.??"]
[Round "?"]
[White "Montgomery, D."]
[Black "Ryskamp, John"]
[Result "0-1"]
[WhiteElo "1605"]
[BlackElo "1605"]
[PlyCount "98"]
[EventDate "1995.??.??"]

{5/(41)} 1. e4 e6 2. Nf3 c5 3. Nc3 d5 4. e5 Nc6 5. Bb5 Nge7 6. O-O a6 7. Be2
Ng6 8. d4 cxd4 9. Nxd4 Ncxe5 10. Re1 Bd6 11. Be3 O-O 12. Nf3 Bd7 13. Nxd5 exd5
14. Qxd5 Bc6 15. Qb3 Nxf3+ 16. Bxf3 Bxf3 17. Bb6 Qh4 18. Qxf3 Qxh2+ 19. Kf1
Qh1+ 20. Ke2 Rae8+ 21. Be3 Nf4+ 22. Qxf4 Qxe1+ 23. Kxe1 Bxf4 24. Kf1 Bxe3 25.
fxe3 Rxe3 26. Kg1 Rd8 27. Kf2 Rde8 28. Rd1 Re2+ 29. Kg1 Rxc2 30. Kh2 Rxb2 31.
Kg3 Rxa2 32. Kh3 g6 33. Kg4 Ree2 34. Rd3 Rxg2+ 35. Kh3 Rh2+ 36. Kg3 Rag2+ 37.
Kf4 Re2 38. Rd4 Rh4+ 39. Kf3 Rxd4 40. Kxe2 b5 41. Ke3 Rd8 42. Ke2 b4 43. Kf2 b3
44. Kf3 b2 45. Kf4 b1=Q 46. Kg5 Qf5+ 47. Kh4 Rd4+ 48. Kg3 Qf4+ 49. Kg2 Qg4+ 0-1

[Event "Gaylord (NMO/5/5)"]
[Site "?"]
[Date "1995.??.??"]
[Round "?"]
[White "Mitchell, J."]
[Black "LaForge, Tom"]
[Result "0-1"]
[WhiteElo "1620"]
[BlackElo "1960"]
[PlyCount "116"]
[EventDate "1995.??.??"]

{5/(5)} 1. e4 e6 2. d3 d5 3. Nd2 c5 4. Ngf3 Nc6 5. g3 Nf6 6. Bg2 dxe4 7. dxe4
e5 8. O-O Be7 9. c3 O-O 10. Re1 Bg4 11. Qe2 Qc8 12. a4 Rd8 13. Nc4 Qe6 14. Ne3
h6 15. Nxg4 Qxg4 16. h3 Qe6 17. Nh4 Bf8 18. Nf5 Kh7 19. Ne3 Na5 20. Nd5 Rac8
21. c4 Nb3 22. Ra3 Nd4 23. Qd3 g6 24. Kh2 Rc6 25. Re3 h5 26. f4 Bh6 27. Rc3 Qe8
28. Qf1 Nxd5 29. exd5 Rf6 30. Rxe5 Qxe5 31. fxe5 Rxf1 32. Bxf1 Bxc1 33. Rxc1
Nf3+ 34. Kg2 Nxe5 35. Rd1 Kg7 36. Kf2 Kf6 37. Bd3 Ke7 38. Ke3 f5 39. Kf4 Kf6
40. h4 Re8 41. Bf1 Nxc4 42. Bxc4 Re4+ 43. Kf3 Rxc4 44. d6 Rd4 45. Rxd4 cxd4 46.
Ke2 Ke6 47. d7 Kxd7 48. Kd3 Ke6 49. Kxd4 Kf6 50. b4 g5 51. b5 f4 52. gxf4 gxh4
53. Ke3 h3 54. Kf3 h4 55. Kf2 Kf5 56. Kf3 b6 57. Kf2 Kxf4 58. Kg1 Ke4 0-1

[Event "Gaylord (NMO/2/1)"]
[Site "?"]
[Date "1995.??.??"]
[Round "?"]
[White "Mitchell, J."]
[Black "Gabbara, Faris"]
[Result "0-1"]
[WhiteElo "1620"]
[BlackElo "2200"]
[PlyCount "36"]
[EventDate "1995.??.??"]

{2/(1)} 1. e4 e5 2. Nf3 Nf6 3. Nxe5 d6 4. Nf3 Nxe4 5. d4 d5 6. Bd3 Nc6 7. c3
Bg4 8. Be3 Bd6 9. Nbd2 f5 10. O-O f4 11. Bxf4 Bxf4 12. Nxe4 dxe4 13. Bxe4 O-O
14. Qb3+ Kh8 15. Qxb7 Rf6 16. Bxc6 Rb8 17. Qa6 Bxf3 18. gxf3 Rg6+ 0-1

[Event "Lansing (Mini-Swiss.3/1)"]
[Site "?"]
[Date "1995.??.??"]
[Round "?"]
[White "Mitchell, Dave"]
[Black "Sullivant-Jones, W."]
[Result "0-1"]
[WhiteElo "1605"]
[BlackElo "1605"]
[PlyCount "64"]
[EventDate "1995.??.??"]

{3/(1)} 1. d4 d5 2. Nf3 Nc6 3. c3 Nf6 4. Bg5 Bf5 5. Nbd2 e6 6. e3 Be7 7. Bb5
O-O 8. O-O a6 9. Bxc6 bxc6 10. Ne5 Qe8 11. Bxf6 Bxf6 12. f4 Rb8 13. Nb3 Be7 14.
Qe2 f6 15. Nf3 Rb5 16. Rac1 Qg6 17. Nh4 Qg4 18. Qxg4 Bxg4 19. Rfe1 a5 20. c4
dxc4 21. Rxc4 Bb4 22. Rec1 a4 23. a3 Bxa3 24. bxa3 axb3 25. Rxc6 g5 26. Nf3 b2
27. Rb1 Bf5 28. a4 Bxb1 29. axb5 Be4 30. Nd2 Bxc6 31. bxc6 Rb8 32. Nb1 Ra8 0-1

[Event "Lansing (Mini-Swiss.3/1)"]
[Site "?"]
[Date "1995.??.??"]
[Round "?"]
[White "Mitchell, Dave"]
[Black "Smalec, Joseph"]
[Result "1-0"]
[WhiteElo "1605"]
[BlackElo "1605"]
[PlyCount "63"]
[EventDate "1995.??.??"]

{3/(1)} 1. Nf3 d5 2. b3 Nf6 3. Bb2 Nc6 4. e3 Bf5 5. Bb5 g6 6. Nd4 Bd7 7. Nxc6
bxc6 8. Be2 Bg7 9. d3 O-O 10. Nd2 Re8 11. Nf3 e6 12. O-O Qe7 13. Qd2 Ne4 14.
dxe4 Bxb2 15. Rab1 dxe4 16. Rxb2 exf3 17. Bxf3 Rad8 18. Qa5 Qf6 19. Rbb1 Rc8
20. Rfd1 Re7 21. Qxa7 Qc3 22. Qa3 Ree8 23. Rxd7 Qxc2 24. Qb2 Qf5 25. Rbd1 e5
26. Bxc6 Qe6 27. Ba4 f6 28. R7d5 c6 29. Rd6 Qe7 30. g3 Rcd8 31. Qd2 Rc8 32.
Bxc6 1-0

[Event "Grand Rapids (MI Am/2/42)"]
[Site "?"]
[Date "1995.??.??"]
[Round "?"]
[White "Mitchell, Dave"]
[Black "Pierson, John"]
[Result "1-0"]
[WhiteElo "1605"]
[BlackElo "1605"]
[PlyCount "61"]
[EventDate "1995.??.??"]

{2/(42)} 1. d4 d5 2. Nf3 Bf5 3. c3 e6 4. Bg5 Nf6 5. Nbd2 Be7 6. e3 h6 7. Bh4
Ne4 8. Bxe7 Qxe7 9. Nxe4 Bxe4 10. Bd3 Nd7 11. Bxe4 dxe4 12. Nd2 f5 13. Qh5+ Qf7
14. Qxf7+ Kxf7 15. Nc4 a5 16. a4 Kf6 17. O-O Rhb8 18. Ra2 Ra6 19. Rd1 Rd8 20.
b3 Nc5 21. Nxa5 Rb6 22. b4 Nd3 23. f3 Ke7 24. fxe4 fxe4 25. Rf1 e5 26. Rd2 exd4
27. exd4 Rdd6 28. Nc4 Rf6 29. Nxb6 Rxf1+ 30. Kxf1 cxb6 31. Re2 1-0

[Event "East Lansing (MOR/7/40)"]
[Site "?"]
[Date "1995.??.??"]
[Round "?"]
[White "Mitchell, Dave"]
[Black "Nikitin, Matt"]
[Result "1-0"]
[WhiteElo "1605"]
[BlackElo "1605"]
[PlyCount "101"]
[EventDate "1995.??.??"]

{7/(40)} 1. d4 e6 2. Nf3 Nf6 3. Bg5 d5 4. e3 Bd6 5. Nbd2 O-O 6. Bd3 Nc6 7. c3
e5 8. dxe5 Bxe5 9. Nxe5 Nxe5 10. Bc2 Be6 11. Qe2 Qe7 12. O-O-O Qd6 13. Bxf6
gxf6 14. Ne4 dxe4 15. Rxd6 cxd6 16. Bxe4 d5 17. Bc2 Rad8 18. Qh5 Rfe8 19. Qxh7+
Kf8 20. Qh6+ Ke7 21. f4 Nc4 22. f5 Bd7 23. Re1 Rg8 24. g3 Rg5 25. e4 dxe4 26.
Rxe4+ Be6 27. fxe6 Rf5 28. exf7+ Ne5 29. Rf4 Rxf4 30. gxf4 Nxf7 31. Qh3 Rh8 32.
Qe3+ Kf8 33. Bb3 Rxh2 34. Qe6 Rh1+ 35. Kd2 Rh7 36. Qxf6 Kg8 37. Bxf7+ Rxf7 38.
Qg6+ Rg7 39. Qxg7+ Kxg7 40. Ke3 Kf6 41. b4 b5 42. Ke4 a6 43. a3 Ke6 44. f5+ Kf6
45. Kd5 Kxf5 46. Kc6 Ke4 47. Kb6 Kd3 48. Kxa6 Kxc3 49. Kxb5 Kb3 50. a4 Ka3 51.
a5 1-0

[Event "East Lansing (MOR/4/46)"]
[Site "?"]
[Date "1995.??.??"]
[Round "?"]
[White "Mitchell, Dave"]
[Black "Motgomery, D."]
[Result "0-1"]
[WhiteElo "1605"]
[BlackElo "1605"]
[PlyCount "45"]
[EventDate "1995.??.??"]

{4/(46)} 1. d4 d5 2. Nf3 Nc6 3. c3 e6 4. Bg5 Be7 5. Bxe7 Qxe7 6. e3 Nf6 7. Nbd2
e5 8. Bb5 Bd7 9. Bxc6 bxc6 10. Nxe5 O-O 11. O-O Rab8 12. Qc2 Ng4 13. Nxd7 Qxd7
14. h3 Nf6 15. Rfe1 Rfe8 16. Re2 Re6 17. Rae1 Ne4 18. Nb3 Rg6 19. Kf1 Qf5 20.
g4 Qf3 21. Kg1 Rh6 22. Nd2 Nxd2 23. Qxd2 0-1

[Event "Grand Rapids (MI Am/4/38)"]
[Site "?"]
[Date "1995.??.??"]
[Round "?"]
[White "Mitchell, Dave"]
[Black "Laurin, Edward"]
[Result "1-0"]
[WhiteElo "1605"]
[BlackElo "1605"]
[PlyCount "93"]
[EventDate "1995.??.??"]

{4/(38)} 1. d4 Nf6 2. Nf3 Nc6 3. c3 d5 4. Bg5 Bf5 5. Nbd2 e6 6. e3 Be7 7. Bb5
O-O 8. O-O Ng4 9. Bxe7 Qxe7 10. h3 Nf6 11. Re1 e5 12. Bxc6 bxc6 13. Nxe5 Qe6
14. Qf3 Be4 15. Nxe4 Nxe4 16. Red1 f6 17. Nd3 Rae8 18. Nc5 Qf7 19. Nxe4 dxe4
20. Qe2 Qg6 21. Qc4+ Rf7 22. Qxc6 Rb8 23. b4 Qf5 24. Rd2 Rb6 25. Qa8+ Rf8 26.
Qxa7 Rc6 27. Rc2 Qb5 28. a4 Qd3 29. Rac1 Ra6 30. Qxc7 Rxa4 31. b5 Qxb5 32. c4
Qb3 33. c5 Rfa8 34. Rc3 Qb2 35. R1c2 Ra1+ 36. Kh2 Qb1 37. Rc1 Qb2 38. Rxa1 Rxa1
39. Rc4 Ra2 40. c6 Qxf2 41. Qg3 Qe2 42. Rc5 h5 43. c7 h4 44. c8=Q+ Kh7 45. Qf5+
Kg8 46. Rc8+ Kf7 47. Qd7# 1-0

[Event "East Lansing (MOR/5/47)"]
[Site "?"]
[Date "1995.??.??"]
[Round "?"]
[White "Mitchell, Dave"]
[Black "Kincare, K."]
[Result "1/2-1/2"]
[WhiteElo "1605"]
[BlackElo "1605"]
[PlyCount "62"]
[EventDate "1995.??.??"]

{5/(47)} 1. d4 Nf6 2. Nf3 b6 3. Bg5 e6 4. e3 Be7 5. Nbd2 Bb7 6. Bd3 O-O 7. e4
c5 8. c3 d6 9. Qe2 Nc6 10. O-O Nd7 11. Bxe7 Qxe7 12. Rfe1 cxd4 13. cxd4 e5 14.
dxe5 Ndxe5 15. Nxe5 dxe5 16. Nf3 a6 17. Rac1 b5 18. a3 Qf6 19. Rc5 Bc8 20. Qe3
Bg4 21. Be2 Bxf3 22. Bxf3 Nd4 23. Rec1 Rfe8 24. Bg4 Rab8 25. Qc3 g6 26. Qe3 Kg7
27. Rc8 Rbxc8 28. Rxc8 Rxc8 29. Bxc8 Qd8 30. Bxa6 Nf5 31. Qc1 Nd4 1/2-1/2

[Event "Lansing (Mini-Swiss.3/3)"]
[Site "?"]
[Date "1995.??.??"]
[Round "?"]
[White "Mitchell, Dave"]
[Black "Jackson, Don"]
[Result "1-0"]
[WhiteElo "1605"]
[BlackElo "1605"]
[PlyCount "51"]
[EventDate "1995.??.??"]

{3/(3)} 1. Nf3 h6 2. b3 Nf6 3. Bb2 c5 4. e3 d5 5. Ne5 Ne4 6. Bb5+ Nd7 7. Qh5
Ng5 8. f4 Qb6 9. Bxd7+ Bxd7 10. Nxd7 Qg6 11. Qxg6 fxg6 12. Nxf8 Kxf8 13. fxg5
hxg5 14. O-O+ Kg8 15. Nc3 e6 16. Rf2 e5 17. Nxd5 Rh4 18. Raf1 g4 19. Ne7+ Kh7
20. g3 Rh5 21. Rf8 Rxf8 22. Rxf8 Rg5 23. Nc8 a6 24. Nd6 b5 25. Nf7 Rf5 26. Rh8#
1-0

[Event "East Lansing (MOR/2/35)"]
[Site "?"]
[Date "1995.??.??"]
[Round "?"]
[White "Mitchell, Dave"]
[Black "Grzegorczyk, Ron"]
[Result "0-1"]
[WhiteElo "1605"]
[BlackElo "1605"]
[PlyCount "80"]
[EventDate "1995.??.??"]

{2/(35)} 1. d4 d5 2. Nf3 Nf6 3. Bg5 h6 4. Bxf6 exf6 5. Nbd2 Nc6 6. c3 Be7 7. e3
O-O 8. Bd3 Be6 9. O-O Qd7 10. Qb1 Bd6 11. a4 Ne7 12. Re1 a6 13. b4 c6 14. e4
dxe4 15. Nxe4 Nd5 16. Ra3 a5 17. Nc5 Qc7 18. Nxe6 fxe6 19. Qb3 axb4 20. cxb4
Bxb4 21. Rxe6 Bxa3 22. Qxa3 Rfe8 23. Rxe8+ Rxe8 24. Bc4 Kh8 25. a5 Ra8 26. Qc5
Qxa5 27. Qd6 Qd8 28. Qe6 Ra1+ 29. Bf1 Qe7 30. Qc8+ Kh7 31. Qf5+ g6 32. Qc2 Qb4
33. Nh4 Qb1 34. Qxb1 Rxb1 35. g3 b5 36. Kg2 b4 37. Bd3 Rd1 38. Bxg6+ Kg7 39.
Bh5 Rc1 40. Nf5+ Kh7 0-1

[Event "East Lansing (Class DE/4/15)"]
[Site "?"]
[Date "1995.??.??"]
[Round "?"]
[White "Mitchell, Dave"]
[Black "Gatesy, Matthew"]
[Result "1-0"]
[WhiteElo "1605"]
[BlackElo "1605"]
[PlyCount "45"]
[EventDate "1995.??.??"]

{4/(15)} 1. d4 d5 2. Nf3 Nc6 3. Bg5 Nf6 4. Nbd2 Bg4 5. c3 e6 6. Ne5 Bd6 7. Nxg4
Qe7 8. e4 O-O-O 9. e5 Qe8 10. exf6 g6 11. Bb5 h6 12. Nxh6 e5 13. Bxc6 exd4+ 14.
Bxe8 Rhxe8+ 15. Kf1 Rd7 16. Qa4 c6 17. Qxa7 Bb8 18. Qxd4 Rd6 19. Qg4+ Kc7 20.
Bf4 Kb6 21. Bxd6 Bxd6 22. g3 Bf8 23. Nxf7 1-0

[Event "East Lansing (Class DE/2/14)"]
[Site "?"]
[Date "1995.??.??"]
[Round "?"]
[White "Mitchell, Dave"]
[Black "Fenton, D."]
[Result "1/2-1/2"]
[WhiteElo "1605"]
[BlackElo "1605"]
[PlyCount "88"]
[EventDate "1995.??.??"]

{2/(14)} 1. d4 Nf6 2. Nf3 g6 3. Bg5 Bg7 4. e3 c5 5. c3 Ne4 6. Bh4 Qb6 7. Nbd2
Nd6 8. Qb3 Qxb3 9. axb3 cxd4 10. exd4 Nf5 11. Bg5 Nc6 12. Be2 d6 13. O-O h6 14.
Be3 a6 15. Nc4 Be6 16. Nb6 Rd8 17. d5 Bxd5 18. Nxd5 e6 19. Nc7+ Kd7 20. Bb6 Rc8
21. Nxa6 bxa6 22. Rxa6 Ra8 23. Rfa1 Rxa6 24. Rxa6 Rc8 25. Bb5 Nfe7 26. Ra7+ Ke8
27. Nd4 Bxd4 28. Bxd4 Kf8 29. Ra6 Nxd4 30. cxd4 Rc1+ 31. Bf1 d5 32. Ra8+ Kg7
33. b4 Rb1 34. b5 Rxb2 35. Ra7 Nc8 36. Ra5 Rb1 37. g3 Nb6 38. Kg2 Nc4 39. Bxc4
dxc4 40. Ra4 c3 41. Rc4 Rxb5 42. Rxc3 Rd5 43. Rc4 e5 44. dxe5 Rxe5 1/2-1/2

[Event "Lansing (Mini-Swiss.3/3)"]
[Site "?"]
[Date "1995.??.??"]
[Round "?"]
[White "Mitchell, Dave"]
[Black "Charette, B."]
[Result "1-0"]
[WhiteElo "1605"]
[BlackElo "1605"]
[PlyCount "43"]
[EventDate "1995.??.??"]

{3/(3)} 1. d4 d5 2. Nf3 Bg4 3. e3 Nd7 4. Bd3 c5 5. c3 Ngf6 6. Nbd2 g6 7. O-O
Bg7 8. b3 O-O 9. h3 Bxf3 10. Nxf3 cxd4 11. exd4 Re8 12. Re1 Qc7 13. Bd2 e5 14.
dxe5 Nxe5 15. Rxe5 Rxe5 16. Nxe5 Qxe5 17. Rc1 d4 18. Qf3 dxc3 19. Bxc3 Qc7 20.
Bc4 Bh6 21. Qxf6 Qd8 22. Qh8# 1-0

[Event "East Lansing (MEX/4/3)"]
[Site "?"]
[Date "1995.??.??"]
[Round "?"]
[White "Mills, J."]
[Black "Finegold, Mark"]
[Result "0-1"]
[WhiteElo "2215"]
[BlackElo "2255"]
[PlyCount "142"]
[EventDate "1995.??.??"]

{4/(3)} 1. c4 e6 2. Nf3 d5 3. d4 c6 4. e3 Nf6 5. Be2 Nbd7 6. O-O dxc4 7. Bxc4
b5 8. Bd3 a6 9. e4 c5 10. e5 Nd5 11. Nc3 Bb7 12. Bg5 Qb6 13. dxc5 Nxc5 14. Rc1
Nxd3 15. Qxd3 h6 16. Bh4 Bb4 17. Nxd5 Bxd5 18. a3 Bf8 19. Rfd1 g5 20. Bg3 Bg7
21. Qd4 Qxd4 22. Nxd4 O-O 23. Nc6 Rfe8 24. Nb4 Bb3 25. Rd7 a5 26. Nc6 Bf8 27.
Nd4 Bc4 28. b3 Bxa3 29. Rd1 Bd5 30. Nxb5 Bb4 31. Nc7 Bxb3 32. Nxe8 Rxe8 33.
R1d3 a4 34. Rb7 Bf8 35. h4 Ra8 36. Rbxb3 axb3 37. Rxb3 Ra4 38. hxg5 hxg5 39.
Rb8 Kg7 40. Kh2 Re4 41. f3 Re2 42. Kh3 Bc5 43. f4 gxf4 44. Bxf4 Bd4 45. Rb5 Kg6
46. Bg3 Ra2 47. Rb4 Be3 48. Re4 Bh6 49. Bh4 Kf5 50. Re1 Ra4 51. g3 Re4 52. Rf1+
Kg6 53. Rf6+ Kg7 54. Rf2 Kg8 55. Bf6 Bg7 56. g4 Bxf6 57. exf6 Kh7 58. Kh4 Kg6
59. Rf3 Ra4 60. Rf2 Ra8 61. Rf3 Rh8+ 62. Kg3 Kg5 63. Ra3 Kxf6 64. Ra5 Rd8 65.
Ra3 Kg5 66. Rf3 f6 67. Re3 Rd6 68. Kf3 e5 69. Ra3 Rd4 70. Ra8 Rf4+ 71. Ke3 Kxg4
0-1

[Event "East Lansing (MEX/2/9)"]
[Site "?"]
[Date "1995.??.??"]
[Round "?"]
[White "Mills, J."]
[Black "Beider, Andrew"]
[Result "1-0"]
[WhiteElo "2215"]
[BlackElo "2135"]
[PlyCount "63"]
[EventDate "1995.??.??"]

{2/(9)} 1. c4 Nf6 2. Nc3 c5 3. Nf3 Nc6 4. g3 g6 5. Bg2 Bg7 6. O-O O-O 7. d3 d6
8. Bg5 h6 9. Bd2 e5 10. h3 Be6 11. e4 Qd7 12. Kh2 Kh7 13. Nd5 Ng8 14. Rb1 f5
15. Nh4 Nd4 16. exf5 Nxf5 17. Nxf5 Bxf5 18. Be3 Rae8 19. b4 b6 20. a4 Ne7 21.
a5 Nxd5 22. cxd5 c4 23. dxc4 Bxb1 24. Qxb1 bxa5 25. bxa5 Rb8 26. Qc2 Qc7 27.
Be4 Rf6 28. g4 Qxa5 29. g5 hxg5 30. Bxg5 Rff8 31. Bxg6+ Kh8 32. Qe2 1-0

[Event "Gaylord (NMO/4/18)"]
[Site "?"]
[Date "1995.??.??"]
[Round "?"]
[White "Miller, Jess"]
[Black "Hosking, R."]
[Result "1-0"]
[WhiteElo "1605"]
[BlackElo "1605"]
[PlyCount "63"]
[EventDate "1995.??.??"]

{4/(18)} 1. d4 Nf6 2. Nc3 e6 3. e4 Bb4 4. e5 Bxc3+ 5. bxc3 Nd5 6. c4 Ne7 7. Bg5
d5 8. Qg4 O-O 9. Bd3 Nbc6 10. c3 g6 11. Bf6 h5 12. Qg5 Kh7 13. Be2 Rg8 14. Bxh5
Qf8 15. Bf3 Nf5 16. Ne2 Qh6 17. Qxh6+ Nxh6 18. g4 b6 19. Ng3 Bd7 20. Be2 a5 21.
f3 Na7 22. h4 Rgb8 23. h5 g5 24. Bxg5 b5 25. Bd3+ Kg7 26. Bf6+ Kf8 27. Bg5 Ng8
28. h6 Ne7 29. h7 Ng6 30. h8=Q+ Nxh8 31. Rxh8+ Kg7 32. Bf6# 1-0

[Event "Gaylord (NMO/2/21)"]
[Site "?"]
[Date "1995.??.??"]
[Round "?"]
[White "Miller, Jess"]
[Black "Hogarth, Frank"]
[Result "1-0"]
[WhiteElo "1605"]
[BlackElo "1605"]
[PlyCount "61"]
[EventDate "1995.??.??"]

{2/(21)} 1. d4 d5 2. e3 Nc6 3. Nd2 e6 4. c3 Nf6 5. Bd3 e5 6. Bb5 Bd7 7. Bxc6
Bxc6 8. dxe5 d4 9. exf6 Bxg2 10. fxg7 Bxg7 11. Qg4 Bxh1 12. Qxg7 Rf8 13. Qe5+
Qe7 14. Qxd4 Rg8 15. Ngf3 b6 16. Qa4+ Kf8 17. b3 Qf6 18. Ba3+ c5 19. Qe4 Re8
20. Qb7 Qxc3 21. Rc1 Qd3 22. Bxc5+ bxc5 23. Rxc5 Qb1+ 24. Nxb1 Bxf3 25. Qxf3
Rg1+ 26. Ke2 Rxb1 27. Rc2 Rd8 28. Qf6 Rbd1 29. Qh8+ Ke7 30. Qxh7 R8d2+ 31. Rxd2
1-0

[Event "Troy (TCC Res/5/11)"]
[Site "?"]
[Date "1995.??.??"]
[Round "?"]
[White "Miller, J."]
[Black "Wright, Ken"]
[Result "0-1"]
[WhiteElo "1605"]
[BlackElo "1605"]
[PlyCount "102"]
[EventDate "1995.??.??"]

{5/(11)} 1. d4 d5 2. e3 b6 3. Bd3 Bb7 4. Nd2 Nf6 5. f4 e6 6. Ngf3 Bd6 7. c3
Nbd7 8. Ne5 Qe7 9. Ndf3 h6 10. Bb5 a6 11. Bc6 O-O-O 12. b4 Nb8 13. Bxb7+ Kxb7
14. Qa4 Ne4 15. Bd2 Rhg8 16. O-O f6 17. Nd3 g5 18. Nc5+ Bxc5 19. dxc5 g4 20.
c6+ Kc8 21. Be1 gxf3 22. Rxf3 Qg7 23. g3 h5 24. h4 f5 25. b5 Nc5 26. Qc2 Qg4
27. Kg2 Qxh4 28. bxa6 Ncxa6 29. a4 Rd6 30. a5 Rxc6 31. axb6 Rxb6 32. c4 Qe7 33.
cxd5 exd5 34. Qxf5+ Qe6 35. Qxh5 Qf6 36. Rd1 Rb2+ 37. Rf2 Rxf2+ 38. Bxf2 c6 39.
Qh3+ Kc7 40. Qh7+ Rg7 41. Qh8 Qg6 42. Qh1 Nc5 43. Qe1 Rh7 44. Qa5+ Kd6 45. Qd8+
Nbd7 46. Rd4 Ne4 47. Qa5 Rg7 48. Qb4+ Ke6 49. Qe1 Ndc5 50. Qe2 Nxg3 51. Bxg3
Qxg3+ 0-1

[Event "Grand Rapids (MI Am/4/32)"]
[Site "?"]
[Date "1995.??.??"]
[Round "?"]
[White "Miller, J."]
[Black "Smalec, Joseph"]
[Result "1-0"]
[WhiteElo "1605"]
[BlackElo "1605"]
[PlyCount "79"]
[EventDate "1995.??.??"]

{4/(32)} 1. d4 Nf6 2. e3 e6 3. Bd3 d5 4. Nd2 Nc6 5. c3 Be7 6. f4 Bd7 7. Qe2 O-O
8. Ngf3 a6 9. Ne5 Re8 10. O-O Qc8 11. Ndf3 h6 12. Qf2 Qd8 13. Nxd7 Nxd7 14. Ne5
Bd6 15. Bd2 f6 16. Ng4 h5 17. Nh6+ gxh6 18. Qg3+ Kf8 19. Bh7 Bxf4 20. Qg8+ Ke7
21. Qg7+ Kd6 22. Rxf4 Re7 23. Qg3 e5 24. dxe5+ fxe5 25. Qg6+ Re6 26. Qxh5 exf4
27. exf4 Qe7 28. Bf5 Re2 29. Qxh6+ Nf6 30. h3 Rxd2 31. Rf1 Kc5 32. Qh4 Qe2 33.
Rf2 Qe1+ 34. Kh2 Rxf2 35. Qxf6 Qf1 36. b4+ Kc4 37. Qg6 Ne7 38. Qg7 Rg8 39. Qd4+
Kb5 40. Qc5+ 1-0

[Event "East Lansing (Class DE/5/17)"]
[Site "?"]
[Date "1995.??.??"]
[Round "?"]
[White "Miller, J."]
[Black "Scott, A."]
[Result "1-0"]
[WhiteElo "1605"]
[BlackElo "1605"]
[PlyCount "69"]
[EventDate "1995.??.??"]

{5/(17)} 1. d4 e6 2. e3 d5 3. Bd3 c5 4. c4 Nc6 5. Ne2 Qb6 6. cxd5 exd5 7. Bc2
g6 8. Nbc3 Bg7 9. dxc5 Qxc5 10. Nxd5 Qd6 11. Nec3 Be6 12. Nf6+ Nxf6 13. Qxd6
Rd8 14. Qg3 O-O 15. O-O Nh5 16. Qf3 Ne5 17. Qe2 Bc4 18. Qe1 Bxf1 19. Qxf1 Nf6
20. b3 Rc8 21. Bb2 Rfd8 22. Qe2 Rd7 23. h3 Rcd8 24. Rd1 Rxd1+ 25. Nxd1 Nc6 26.
Bxf6 Bxf6 27. Qf3 Ne5 28. Qxb7 Rd2 29. Qe4 Re2 30. Kh2 Nd7 31. Qe8+ Nf8 32. Qc6
Be5+ 33. g3 Ne6 34. Kg2 Ng5 35. Qe8+ 1-0

[Event "East Lansing (Class DE/3/18)"]
[Site "?"]
[Date "1995.??.??"]
[Round "?"]
[White "Miller, J."]
[Black "Mitchell, Dave"]
[Result "1/2-1/2"]
[WhiteElo "1605"]
[BlackElo "1605"]
[PlyCount "106"]
[EventDate "1995.??.??"]

{3/(18)} 1. d4 d5 2. e3 Nf6 3. Bd3 g6 4. Nd2 Bg7 5. c4 c6 6. Ngf3 Bg4 7. h3
Bxf3 8. Nxf3 Nbd7 9. b3 O-O 10. O-O Re8 11. cxd5 Nxd5 12. Bd2 e5 13. dxe5 Nxe5
14. Nxe5 Bxe5 15. Rc1 Bg7 16. Bc4 Re7 17. Qf3 Nb6 18. Ba5 Qe8 19. Bxb6 axb6 20.
a4 Ra5 21. Rc2 Rd7 22. Rd1 Rxd1+ 23. Qxd1 Ra8 24. Rd2 b5 25. Bf1 bxa4 26. bxa4
Bf6 27. Qb3 Qe7 28. g3 Kg7 29. Bg2 Qc7 30. Qd1 Rd8 31. Rxd8 Qxd8 32. Qb3 Qc7
33. Bf3 b6 34. Kg2 c5 35. Bd5 Kf8 36. Kh2 h5 37. h4 Bxh4 38. f4 Bf6 39. e4 Bg7
40. e5 Ke8 41. Qb5+ Kf8 42. Qe2 Qa7 43. Qb5 Qc7 44. Qa6 Qb8 45. Qb5 Qc7 46. Qe2
Qe7 47. Qa6 Qd8 48. Qb7 Qe8 49. Qxb6 Qxa4 50. Qxc5+ Kg8 51. Qc8+ Bf8 52. Qb7
Qc2+ 53. Kh3 Qf5+ 1/2-1/2